Иммунитет сельскохозяйственных животных и птиц. ... за 1989-1991 (Запись № 7162066)

Подробности
000 -МАРКЕР
контрольное поле 01106nam2a22002291 4500
001 - ИДЕНТИФИКАТОР ЗАПИСИ
контрольное поле rc\57595
005 - ИДЕНТИФИКАТОР ВЕРСИИ
контрольное поле 20250620193438.0
035 ## - ДРУГИЕ СИСТЕМНЫЕ НОМЕРА
Идентификатор записи (NLR Aleph) 005388018
100 ## - ДАННЫЕ ОБЩЕЙ ОБРАБОТКИ
Данные общей обработки 20021216d1993 |||y0rusy50 ca
101 0# - ЯЗЫК РЕСУРСА
Язык текста, звукозаписи и т.д. русский
102 ## - СТРАНА ПУБЛИКАЦИИ ИЛИ ПРОИЗВОДСТВА
Страна публикации Российская Федерация
105 ## - ПОЛЕ КОДИРОВАННЫХ ДАННЫХ: ТЕКСТОВЫЕ МАТЕРИАЛЫ, МОНОГРАФИЧЕСКИЕ
Кодированные данные о монографическом текстовом документе y |||||||||
200 0# - ЗАГЛАВИЕ И СВЕДЕНИЯ ОБ ОТВЕТСТВЕННОСТИ
Основное заглавие ... за 1989-1991
Первые сведения об ответственности Сост. Е.В. Крамчанинов
Последующие сведения об ответственности Ред. Т.Г. Манько
210 ## - ПУБЛИКАЦИЯ, РАСПРОСТРАНЕНИЕ И ДР.
Дата издания, распространения и т.д. 1993
Место издания, распространения и т.д. Б. м.
215 ## - ФИЗИЧЕСКАЯ ХАРАКТЕРИСТИКА
Специфическое обозначение материала и объем 61 с.
461 #0 - УРОВЕНЬ НАБОРА
Встроенное поле 001rc\57594
-- 2001#$aИммунитет сельскохозяйственных животных и птиц$eУказ. лит. ..., отеч. и иностр.$fЦентр. науч. с.-х. б-ка Рос. акад. с.-х. наук$v... за 1989-1991
Системный номер (АБИС) связанной записи 7862193
Место публикации М.
Дата публикации 1993
Первые сведения об ответственности Центр. науч. с.-х. б-ка Рос. акад. с.-х. наук
Имя издателя, распространителя и т.д. ЦНСКБ
Сведения, относящиеся к заглавию Указ. лит. ..., отеч. и иностр.
Заглавие Иммунитет сельскохозяйственных животных и птиц
Номер тома ... за 1989-1991
801 #0 - ИСТОЧНИК ЗАПИСИ
Страна Российская Федерация
Организация NLR
Правила каталогизации psbo
801 #1 - ИСТОЧНИК ЗАПИСИ
Страна Российская Федерация
Организация ELAR
Источник данных rusmarc
852 ## - МЕСТОНАХОЖДЕНИЕ И ШИФР ХРАНЕНИЯ
Идентификатор организации NLR
Наименование фонда или коллекции (Sub-Location Identifier) С
Шифр хранения (Call Number) К-1/6610
942 ## - ДОПОЛНИТЕЛЬНЫЕ ЭЛЕМЕНТЫ ЗАПИСИ (АБИС)
Тип экземпляра АБИС Книга
980 ## - КОЛЛЕКЦИЯ
Название коллекции Национальная библиография
Экземпляры
Тип экземпляра Дата поступления Библиотека постоянного хранения Библиотека текущего хранения Место хранения Шифр хранения Штрих-код Статус экземпляра
Книга 26.10.2013 РНБ (Московский) РНБ (Московский) Центральная справочная библиотека С К-1/6610 1-3574795